00000000nam##2200000za#4500
0019.609496
003CaOODSP
00520200401021005
007ta
008150406|1991||||xxc|||||     f|0| 0 eng|d
022 |a0706-6457
040 |aCaOODSP|beng
043 |an-cn---
0861 |aFs97-6/1828E
1101 |aCanada. |bDepartment of Fisheries and Oceans.
24510|aDetermination of age and growth of white hake (Urophycis tenuis Mitchill) from the southern Gulf of St. Lawrence, Canada (including techniques for commercial sampling) / |cby Douglas Clay and Heather Clay.
260 |aOttawa - Ontario : |bFisheries and Oceans Canada |c1991.
300 |a27p. : |bfigs., graphs, references, tables ; |c28 cm.
4901 |aCanadian technical report of fisheries and aquatic sciences|x0706-6457|v1828
500 |aPrepared in the Marine and Anadromous Fish Division, Gulf Fisheries Centre, Department of Fisheries and Oceans, P.O. Box 5030, Moncton, New Brunswick E1C 9B6.
546 |aRésumés en français
563 |aSoftcover
7201 |aClay, Douglas
7201 |aClay, Heather
7760#|tDetermination of age and growth of white hake (Urophycis tenuis Mitchill) from the southern Gulf of St. Lawrence, Canada (including techniques for commercial sampling) / |w(CaOODSP)9.573800
830#0|aCanadian technical report of fisheries and aquatic sciences,|x0706-6457|v1828|w(CaOODSP)9.514691